| 000 | 00485 a2200169 4500 | ||
|---|---|---|---|
| 999 |
_c29191 _d29191 |
||
| 003 | NUST | ||
| 005 | 20180118153117.0 | ||
| 008 | 180118b xxu||||| |||| 00| 0 eng d | ||
| 020 | _a0079121470 | ||
| 020 | _a9780079121479 | ||
| 082 | 0 | 4 | _a515.93 |
| 100 | 1 |
_aBrown, James Ward. _98852 |
|
| 245 | 1 | 0 |
_aComplex variables and applications / _cJames Ward Brown, Ruel V. Churchill. |
| 250 | _a6th ed. | ||
| 260 |
_a[S.l.] : _bMcGraw-Hill Science/Engineering/Math, _c1996. |
||
| 300 |
_a352 p. ; _c25 cm. |
||
| 700 | 1 |
_aChurchill, Ruel V. _98853 |
|
| 942 |
_aSNS _cBK _k515.93 BRO _2ddc |
||